Sledovanie tvorby prchavých organických zlúčenín počas výroby tokajského odrodového vína „Muškát žltý a Lipovina“

Enregistré dans:
Détails bibliographiques
Auteur principal: Leder, Marek (Auteur)
Autres auteurs: Machyňáková, Andrea (Directeur de thèse)
Format: Manuscrit Livre
Langue:slovaque
Publié: 2019
Sujets:
Accès en ligne:http://is.stuba.sk/zp/portal_zp.pl?podrobnosti=135739
Tags: Ajouter un tag
Pas de tags, Soyez le premier à ajouter un tag!

MARC

LEADER 00000ntm a22000003a 4500
001 stuzp74554
003 SK-STU
005 20190622211837.8
007 ta
008 150427s2015----xo-----f-mn---000-0-slo-d
040 |a STU  |b slo 
041 0 |a slo 
100 1 |a Leder, Marek  |u 041000  |4 aut  |U FCHPT Fakulta chemickej a potravinárskej technológie  |T FCHPT Ústav analytickej chémie  |X 86723  |U C1000  |Y 99  |7 86723 
242 0 1 |a Monitoring of the formation of organic compounds during Tokaj specialty wine „Muškát žltý and Lipovina“ production.  |y eng 
245 1 0 |a Sledovanie tvorby prchavých organických zlúčenín počas výroby tokajského odrodového vína „Muškát žltý a Lipovina“ 
260 |c 2019 
650 4 |a GCxGC  |2 slo 
650 4 |a HRMS  |2 slo 
650 4 |a VOC  |2 slo 
650 4 |a Tokaj  |2 slo 
650 4 |a Botrytis Cinerea  |2 slo 
650 4 |a Tokaj  |2 eng 
650 4 |a GCxGC  |2 eng 
650 4 |a HRMS  |2 eng 
650 4 |a VOC  |2 eng 
650 4 |a Botrytis Cinerea  |2 eng 
700 1 |a Machyňáková, Andrea  |u 041000  |k Z2  |4 ths  |U FCHPT Fakulta chemickej a potravinárskej technológie  |T FCHPT Ústav analytickej chémie  |X 58221  |U C1000  |Y 99  |7 58221 
856 4 |u http://is.stuba.sk/zp/portal_zp.pl?podrobnosti=135739